LEADER 01491nam 2200445 450 001 990000686700203316 035 $a0068670 035 $aUSA010068670 035 $a(ALEPH)000068670USA01 035 $a0068670 100 $a20011015d1983----km-y0itay0103----ba 101 $aita 102 $aIT 105 $a||||||||001yy 200 1 $a<> spiegazione del comportamento sociale$fR. Harré. P.F. Secord$g[traduzione di Silvia Rimembri] 210 $aBologna$cIl mulino$d1983 215 $a419 p.$d19 cm 225 2 $aUniversale paperback il mulino$v67 312 $aThe explanation of social behaviour 410 $12001$aUniversale paperbacks Il mulino$v348 454 $12001$aThe explanation of social behaviour$935942 606 0 $aComportamento sociale$xSaggi 676 $a301.44 700 1$aHARRÉ,$bRom$0375547 701 1$aSECORD,$bPaul F.$0126823 801 0$aIT$bsalbc$gISBD 912 $a990000686700203316 951 $aVARIE COLL. 179/67 A$b94141 LM$cVARIE COLL. 959 $aBK 969 $aUMA 979 $aPATTY$b90$c20011015$lUSA01$h2258 979 $c20020403$lUSA01$h1718 979 $aPATRY$b90$c20040406$lUSA01$h1647 979 $aCHIARA$b90$c20071128$lUSA01$h1105 979 $aCHIARA$b90$c20071128$lUSA01$h1105 979 $aFIORELLA$b90$c20081203$lUSA01$h1155 979 $aCHIARA$b90$c20100917$lUSA01$h1359 979 $aCHIARA$b90$c20100917$lUSA01$h1408 996 $aThe explanation of social behaviour$935942 997 $aUNISA LEADER 03068nam 2200673 a 450 001 9910461442503321 005 20200520144314.0 010 $a1-283-28053-1 010 $a9786613280534 010 $a90-272-8508-X 035 $a(CKB)2670000000113615 035 $a(EBL)765220 035 $a(OCoLC)748242126 035 $a(SSID)ssj0000541631 035 $a(PQKBManifestationID)12143245 035 $a(PQKBTitleCode)TC0000541631 035 $a(PQKBWorkID)10499072 035 $a(PQKB)11549875 035 $a(MiAaPQ)EBC765220 035 $a(Au-PeEL)EBL765220 035 $a(CaPaEBR)ebr10495893 035 $a(CaONFJC)MIL328053 035 $a(EXLCZ)992670000000113615 100 $a20110504d2011 uy 0 101 0 $aeng 135 $aur|n|---||||| 181 $ctxt 182 $cc 183 $acr 200 10$aStructural nativization in Indian English lexicogrammar$b[electronic resource] /$fMarco Schilk 210 $aAmsterdam ;$aPhiladelphia $cJohn Benjamins Pub. Co.$d2011 215 $a1 online resource (196 p.) 225 1 $aStudies in corpus linguistics (SCL),$x1388-0373 ;$vv. 46 300 $aDescription based upon print version of record. 311 $a90-272-0351-2 320 $aIncludes bibliographical references and index. 327 $aStructural Nativization in Indian English Lexicogrammar; Editorial page; Title page; LCC data; Dedication; Table of contents; Acknowledgements; 1. Introduction and overview; 2. Aspects of structural nativization; 3. Aspects of lexicogrammar; 4. Methodology; 5. GIVE; 6. SEND; 7. OFFER; 8. Evaluation and discussion; 9. Conclusion and prospects for future research; References; Index 330 $aThis book contains the first in-depth corpus-based description of structural nativization at the lexis-grammar interface in Indian English, the largest institutionalized second-language variety of English world-wide. For a set of three ditransitive verbs give, send and offer -collocational patterns, verb-complementational preferences and correlations between collocational and verb-complementational routines are described. The present study is based on the comparison of the Indian and the British components of the International Corpus of English as well as a 100-million-wor 410 0$aStudies in corpus linguistics ;$vv. 46. 606 $aEnglish language$zIndia$xGrammar 606 $aEnglish language$zIndia$xUsage 606 $aLexicology 606 $aGrammaticality (Linguistics) 606 $aLinguistic analysis (Linguistics) 608 $aElectronic books. 615 0$aEnglish language$xGrammar. 615 0$aEnglish language$xUsage. 615 0$aLexicology. 615 0$aGrammaticality (Linguistics) 615 0$aLinguistic analysis (Linguistics) 676 $a427/.954 700 $aSchilk$b Marco$0611559 801 0$bMiAaPQ 801 1$bMiAaPQ 801 2$bMiAaPQ 906 $aBOOK 912 $a9910461442503321 996 $aStructural nativization in Indian English lexicogrammar$91136807 997 $aUNINA LEADER 01769nas 2200397 n 450 001 990009056660403321 005 20240229084307.0 011 $a0096-364X 035 $a000905666 035 $aFED01000905666 035 $a(Aleph)000905666FED01 035 $a000905666 091 $2CNR$aP 00026753 100 $a20161109b19501959km-y0itaa50------ba 101 0 $aeng 102 $aUS 110 $aauu-------- 200 1 $aSewage and industrial wastes 207 1$a1950-1959 210 $aWashington$c[s.n.] 430 0$1001000905669$12001$aSewage works journal 440 0$1001000899617$12001$aJournal. Water Pollution Control Federation 530 0 $aSewage and industrial wastes 675 $a628.3 675 $a628.54 676 $a628.205 801 0$aIT$bACNP$c20090723 859 4 $uhttp://acnp.cib.unibo.it/cgi-ser/start/it/cnr/dc-p1.tcl?catno=17258&person=false&language=ITALIANO&libr=&libr_th=unina1$zBiblioteche che possiedono il periodico 901 $aSE 912 $a990009056660403321 958 $aBiblioteca. Dipartimento di Ingegneria Idraulica, Geotecnica e Ambientale. Sede di via Claudio (Idraulica e Ambientale). Università degli studi di Napoli Federico II$b1950-1959.$fDINID 959 $aDINID 996 $aSewage and industrial wastes$9788696 997 $aUNINA AP1 8 $6866-01$aNA120 Biblioteca. Dipartimento di Ingegneria Idraulica, Geotecnica e Ambientale. Sede di via Claudio (Idraulica e Ambientale). Università degli studi di Napoli Federico II$ev. Claudio,21, Napoli (NA)$m(081) 7683431; fax 5938936$nit AP2 40$aacnp.cib.unibo.it$nACNP Italian Union Catalogue of Serials$uhttp://acnp.cib.unibo.it/cgi-ser/start/it/cnr/df-p.tcl?catno=17258&language=ITALIANO&libr=&person=&B=1&libr_th=unina&proposto=NO